The chemistry of paper

محفوظ في:
التفاصيل البيبلوغرافية
المؤلف الرئيسي:  Roberts, J. C
التنسيق: Sách
اللغة:Undetermined
منشور في:  Royal Society of Chemistry  1996
الموضوعات:
الوسوم: إضافة وسم
لا توجد وسوم, كن أول من يضع وسما على هذه التسجيلة!
Thư viện lưu trữ: Trung tâm Thư viện - Trường Đại học Công nghiệp TP. Hồ Chí Minh
LEADER 00496nam a2200157Ia 4500
001 UIH_06363
008 231011s9999 xx 000 0 und d
082 |a  676.2 
100 |a  Roberts, J. C 
245 0 |a  The chemistry of paper 
245 0 |c  Roberts, J. C 
260 |b  Royal Society of Chemistry 
260 |c  1996 
650 |a  Papermaking; Cellulose; Bột giấy;  
927 |a Sách 
980 |a Trung tâm Thư viện - Trường Đại học Công nghiệp TP. Hồ Chí Minh